Welcome to CU Library Online Public Access Catalogue (OPAC)

The First Epistle to the Corinthians / (Record no. 7036)

MARC details
000 -LEADER
fixed length control field 00917cam a2200217 a 4500
001 - CONTROL NUMBER
control field 2997114
005 - DATE AND TIME OF LATEST TRANSACTION
control field 20250718090324.0
008 - FIXED-LENGTH DATA ELEMENTS--GENERAL INFORMATION
fixed length control field 930628r19931968mau b 001 0 eng
020 ## - INTERNATIONAL STANDARD BOOK NUMBER
International Standard Book Number 1565630203
020 ## - INTERNATIONAL STANDARD BOOK NUMBER
International Standard Book Number 9781565630208
050 00 - LIBRARY OF CONGRESS CALL NUMBER
Classification number BS2675.3
Item number .B3 1993
082 00 - DEWEY DECIMAL CLASSIFICATION NUMBER
Classification number 227/.2077
Edition information 20
100 1# - MAIN ENTRY--PERSONAL NAME
Personal name Barrett, C. K.
Fuller form of name (Charles Kingsley),
Dates associated with a name 1917-
245 14 - TITLE STATEMENT
Title The First Epistle to the Corinthians /
Statement of responsibility, etc. C.K. Barrett.
260 ## - PUBLICATION, DISTRIBUTION, ETC.
Place of publication, distribution, etc. Peabody, Mass. :
Name of publisher, distributor, etc. Hendrickson Publishers,
Date of publication, distribution, etc. [1993], c1968.
300 ## - PHYSICAL DESCRIPTION
Extent xi, 420 p. ;
Dimensions 22 cm.
500 ## - GENERAL NOTE
General note Originally published: A commentary on the First Epistle to the Corinthians. London : A & C Black, 1968. (Black's New Testament commentaries).
856 42 - ELECTRONIC LOCATION AND ACCESS
Materials specified Publisher description
Uniform Resource Identifier <a href="http://www.loc.gov/catdir/description/hend021/93026757.html">http://www.loc.gov/catdir/description/hend021/93026757.html</a>
856 42 - ELECTRONIC LOCATION AND ACCESS
Materials specified Contributor biographical information
Uniform Resource Identifier <a href="http://www.loc.gov/catdir/enhancements/fy0706/93026757-b.html">http://www.loc.gov/catdir/enhancements/fy0706/93026757-b.html</a>
942 ## - ADDED ENTRY ELEMENTS (KOHA)
Source of classification or shelving scheme Library of Congress Classification
Koha item type Books
Suppress in OPAC No
999 ## -
-- 7036
-- 7036
Holdings
Withdrawn status Lost status Source of classification or shelving scheme Damaged status Not for loan Collection Home library Current library Shelving location Date acquired Total checkouts Full call number Barcode Date last seen Copy number Price effective from Koha item type
    Library of Congress Classification     Non-fiction Undergraduate Library (Christ Temple) Undergraduate Library (Christ Temple) General stacks 07/18/2025   BS2675.3 BAR ulct00003939 07/18/2025 1 07/18/2025 Books
    Library of Congress Classification     Non-fiction Undergraduate Library (Christ Temple) Undergraduate Library (Christ Temple) General stacks 07/18/2025   BS2675.3 BAR ulct00003940 07/18/2025 1 07/18/2025 Books
    Library of Congress Classification     Non-fiction Undergraduate Library (Christ Temple) Undergraduate Library (Christ Temple) General stacks 07/18/2025   BS2675.3 BAR ulct00003941 07/18/2025 2 07/18/2025 Books
© 2023-2024 Copyright: Central University Libraries. All Rights Reserved | Created by: Mahone Tech Office